[Event "57th Biel Festival MTO 2024"]
[White "Jain Kashish Manoj"]
[Black "Haugner,Jan"]
[Site "Biel"]
[Round "6.34"]
[Annotator "ChessBase"]
[Result "1-0"]
[Date "2024.07.20"]
[WhiteElo "2308"]
[BlackElo "2072"]
[PlyCount "87"]
[TimeControl "60"]

1. e4 {[%emt 0:0:37]} c5 {[%emt 0:0:3]} 2. Nf3 {[%emt 0:0:6]} d6 {[%emt 0:0:4]} 3. Bb5+ {[%emt 0:0:7]} Nd7 {[%emt 0:0:5]} 4. Ba4 {[%emt 0:0:6]} Ngf6 {[%emt 0:0:36]} 5. O-O {[%emt 0:0:16]} a6 {[%emt 0:0:39]} 6. c4 {[%emt 0:0:12]} g6 {[%emt 0:1:18]} 7. Nc3 {[%emt 0:2:28]} Bg7 {[%emt 0:0:15]} 8. d3 {[%emt 0:2:6]} O-O {[%emt 0:0:17]} 9. h3 {[%emt 0:3:35]} Nb6 {[%emt 0:3:54]} 10. Bc2 {[%emt 0:1:44]} e6 {[%emt 0:2:24]} 11. a4 {[%emt 0:4:50]} Qc7 {[%emt 0:9:12]} 12. Bf4 {[%emt 0:6:10]} Nbd7 {[%emt 0:9:41]} 13. a5 {[%emt 0:7:17]} Ne5 {[%emt 0:5:22]} 14. Nxe5 {[%emt 0:1:51]} dxe5 {[%emt 0:0:7]} 15. Be3 {[%emt 0:0:20]} Bd7 {[%emt 0:7:26]} 16. Qb1 {[%emt 0:18:24]} Rfb8 {[%emt 0:16:56]} 17. b4 {[%emt 0:1:30]} Bf8 {[%emt 0:0:40]} 18. b5 {[%emt 0:3:11]} Qd8 {[%emt 0:5:16]} 19. Qb2 {[%emt 0:2:17]} axb5 {[%emt 0:7:6]} 20. Nxb5 {[%emt 0:0:44]} Bxb5 {[%emt 0:5:35]} 21. Qxb5 {[%emt 0:1:4]} Qc7 {[%emt 0:2:26]} 22. Bd2 {[%emt 0:3:32]} Nh5 {[%emt 0:3:1]} 23. g3 {[%emt 0:0:52]} Nf6 {[%emt 0:2:48]} 24. Qb2 {[%emt 0:3:6]} Rd8 {[%emt 0:7:48]} 25. Bc3 {[%emt 0:0:57]} Bd6 {[%emt 0:0:48]} 26. Rfb1 {[%emt 0:1:1]} Ra7 {[%emt 0:1:11]} 27. Ra3 {[%emt 0:0:36]} Nd7 {[%emt 0:3:22]} 28. Rb3 {[%emt 0:5:13]} Rb8 {[%emt 0:0:48]} 29. Rb6 {[%emt 0:1:17]} Ra6 {[%emt 0:4:10]} 30. Rxb7 {[%emt 0:1:38]} Rxb7 {[%emt 0:0:12]} 31. Qxb7 {[%emt 0:0:6]} Ra7 {[%emt 0:0:28]} 32. Qxc7 {[%emt 0:4:1]} Bxc7 {[%emt 0:0:2]} 33. Ba4 {[%emt 0:0:11]} Nb8 {[%emt 0:1:42]} 34. Bb5 {[%emt 0:0:53]} Kf8 {[%emt 0:2:53]} 35. Ra1 {[%emt 0:1:33]} Ke7 {[%emt 0:1:21]} 36. Kg2 {[%emt 0:1:3]} Kd6 {[%emt 0:1:30]} 37. f4 {[%emt 0:0:48]} f6 {[%emt 0:3:22]} 38. fxe5+ {[%emt 0:3:2]} fxe5 {[%emt 0:0:2]} 39. Rf1 {[%emt 0:3:58]} Ke7 {[%emt 0:4:19]} 40. a6 {[%emt 0:1:28]} Ra8 {[%emt 0:0:40]} 41. Bd2 {[%emt 0:50:36]} Nc6 {[%emt 0:13:22]} 42. Bxc6 {[%emt 0:0:0]} Rxa6 {[%emt 0:0:6]} 43. Bg5+ {[%emt 0:0:0]} Kd6 {[%emt 0:0:25]} 44. Bb5 {[%emt 0:0:0]} 1-0

[Event "57th Biel Festival MTO 2024"]
[White "Frayna,Janelle Mae"]
[Black "Gloeckler,Christian"]
[Site "Biel"]
[Round "6.35"]
[Annotator "ChessBase"]
[Result "0-1"]
[Date "2024.07.20"]
[WhiteElo "2164"]
[BlackElo "2304"]
[PlyCount "54"]
[TimeControl "60"]

1. Nf3 {[%emt 0:0:23]} Nf6 {[%emt 0:0:9]} 2. c4 {[%emt 0:0:17]} c5 {[%emt 0:0:13]} 3. g3 {[%emt 0:0:24]} d5 {[%emt 0:0:15]} 4. cxd5 {[%emt 0:0:7]} Nxd5 {[%emt 0:0:10]} 5. Bg2 {[%emt 0:1:35]} Nc6 {[%emt 0:0:43]} 6. Nc3 {[%emt 0:1:22]} Nc7 {[%emt 0:0:15]} 7. O-O {[%emt 0:0:47]} e5 {[%emt 0:0:23]} 8. a3 {[%emt 0:0:15]} Rb8 {[%emt 0:0:10]} 9. d3 {[%emt 0:8:19]} Be7 {[%emt 0:1:36]} 10. Nd2 {[%emt 0:1:50]} O-O {[%emt 0:0:57]} 11. Bxc6 {[%emt 0:0:15]} bxc6 {[%emt 0:0:8]} 12. Nc4 {[%emt 0:0:17]} f6 {[%emt 0:1:57]} 13. Be3 {[%emt 0:10:13]} Bh3 {[%emt 0:1:29]} 14. Re1 {[%emt 0:0:18]} Ne6 {[%emt 0:4:29]} 15. Qa4 {[%emt 0:2:17]} Nd4 {[%emt 0:5:40]} 16. Rab1 {[%emt 0:8:5]} Qd7 {[%emt 0:9:2]} 17. Na5 {[%emt 0:5:26]} Be6 {[%emt 0:8:36]} 18. Nc4 {[%emt 0:21:6]} Rfd8 {[%emt 0:5:53]} 19. Rec1 {[%emt 0:3:0]} Bf8 {[%emt 0:8:22]} 20. Qa6 {[%emt 0:11:7]} Nxe2+ {[%emt 0:8:3]} 21. Nxe2 {[%emt 0:1:30]} Qxd3 {[%emt 0:0:10]} 22. Nc3 {[%emt 0:8:10]} Qxc4 {[%emt 0:2:32]} 23. Qxa7 {[%emt 0:1:12]} Bf5 {[%emt 0:12:58]} 24. Ra1 {[%emt 0:2:13]} Ra8 {[%emt 0:4:9]} 25. Qb7 {[%emt 0:5:2]} Qe6 {[%emt 0:1:57]} 26. a4 {[%emt 0:1:27]} Bg4 {[%emt 0:4:12]} 27. h4 {[%emt 0:2:28]} Bf3 {[%emt 0:0:0]} 0-1

[Event "57th Biel Festival MTO 2024"]
[White "Panda,Barnabas"]
[Black "Saravanan,V.."]
[Site "Biel"]
[Round "6.36"]
[Annotator "RC"]
[Result "1/2-1/2"]
[Date "2024.07.20"]
[WhiteElo "2074"]
[BlackElo "2266"]
[PlyCount "28"]
[TimeControl "60"]

1. d4 {[%emt 0:0:6]} Nf6 {[%emt 0:0:5]} 2. c4 {[%emt 0:0:21]} g6 {[%emt 0:0:5]} 3. g3 {[%emt 0:0:23]} Bg7 {[%emt 0:0:6]} 4. Bg2 {[%emt 0:0:10]} d5 {[%emt 0:2:30]} 5. cxd5 {[%emt 0:0:19]} Nxd5 {[%emt 0:0:5]} 6. Nc3 {[%emt 0:0:11]} Nb6 {[%emt 0:1:0]} 7. Nf3 {[%emt 0:6:48]} Nc6 {[%emt 0:0:6]} 8. e3 {[%emt 0:5:53]} O-O {[%emt 0:0:14]} 9. O-O {[%emt 0:3:3]} Re8 {[%emt 0:0:6]} 10. b3 {[%emt 0:7:16]} e5 {[%emt 0:2:47]} 11. dxe5 {[%emt 0:1:43]} Nxe5 {[%emt 0:0:19]} 12. Nxe5 {[%emt 0:6:29]} Bxe5 {[%emt 0:0:37]} 13. Bb2 {[%emt 0:0:21]} c6 {[%emt 0:7:28]} 14. Qc2 {[%emt 0:6:12]} f5 {[%emt 0:12:10]} 1/2-1/2

[Event "57th Biel Festival MTO 2024"]
[White "Winkelman,Albert"]
[Black "Bommini Mounika Akshaya"]
[Site "Biel"]
[Round "6.37"]
[Annotator "ChessBase"]
[Result "1-0"]
[Date "2024.07.20"]
[WhiteElo "2243"]
[BlackElo "2140"]
[PlyCount "63"]

1. c4 e5 2. Nc3 Nf6 3. Nf3 Nc6 4. e3 d5 5. cxd5 Nxd5 6. Bb5 Nxc3 7. bxc3 Bd6 8. d4 e4 9. Nd2 Qg5 10. Bf1 f5 11. Qb3 Nd8 12. Qb5+ c6 13. Nxe4 Qe7 14. Nxd6+ Qxd6 15. Qb3 Be6 16. Ba3 Qd7 17. Qb4 Nf7 18. Rb1 b6 19. c4 O-O-O 20. d5 cxd5 21. c5 Kb7 22. Qa5 Ka8 23. cxb6 Ne5 24. b7+ Kb8 25. Bc5 Nc6 26. Qa4 d4 27. Bb5 Qd5 28. Rc1 dxe3 29. O-O e2 30. Rfe1 Kxb7 31. Bxc6+ Qxc6 32. Rb1+ 1-0

[Event "57th Biel Festival MTO 2024"]
[White "Altantuya,Boldbaatar"]
[Black "Jaggy,Matteo"]
[Site "Biel"]
[Round "6.38"]
[Annotator "ChessBase"]
[Result "1/2-1/2"]
[Date "2024.07.20"]
[WhiteElo "2107"]
[BlackElo "2211"]
[PlyCount "68"]

1. d4 Nf6 2. c4 g6 3. Nc3 d5 4. cxd5 Nxd5 5. e4 Nxc3 6. bxc3 Bg7 7. h3 c5 8. Nf3 O-O 9. Be2 Nc6 10. Be3 cxd4 11. cxd4 Qa5+ 12. Bd2 Qa3 13. d5 Ne5 14. Nxe5 Bxe5 15. Rb1 Bd7 16. O-O Qxa2 17. Rxb7 Ba4 18. Qe1 Rfb8 19. Rb4 a5 20. Rxb8+ Rxb8 21. Bxa5 Rb2 22. Bd3 Bc2 23. Bxc2 Rxc2 24. Bb6 Qc4 25. Bd8 Bd4 26. Kh2 Bc3 27. Qb1 Rb2 28. Qc1 Rc2 29. Qb1 Rb2 30. Qc1 Rc2 31. Qb1 Rb2 32. Qc1 Rc2 33. Qb1 Rb2 34. Qc1 Rc2 1/2-1/2

[Event "57th Biel Festival MTO 2024"]
[White "Boldoo,Erdenepurev"]
[Black "Kwiatkowski,Jakub"]
[Site "Biel"]
[Round "6.39"]
[Annotator "TA"]
[Result "1-0"]
[Date "2024.07.20"]
[WhiteElo "2385"]
[BlackElo "2024"]
[PlyCount "23"]

1. d4 Nf6 2. c4 e6 3. Nc3 Bb4 4. e3 O-O 5. Nge2 d5 6. a3 Be7 7. cxd5 exd5 8. Nf4 c6 9. Bd3 Re8 10. O-O Nbd7 11. Bd2 Nf8 12. b4 1-0

[Event "57th Biel Festival MTO 2024"]
[White "Nurgaliyeva,Zarina"]
[Black "Shoshin,Kirill"]
[Site "Biel"]
[Round "6.40"]
[Annotator "ChessBase"]
[Result "1/2-1/2"]
[Date "2024.07.20"]
[WhiteElo "2145"]
[BlackElo "2277"]
[PlyCount "160"]

1. e4 Nf6 2. e5 Nd5 3. d4 d6 4. c4 Nb6 5. exd6 cxd6 6. Nc3 g6 7. Nf3 Bg7 8. h3 O-O 9. Be2 Nc6 10. O-O Bf5 11. a3 Rc8 12. b3 d5 13. c5 Nd7 14. b4 e5 15. Bg5 f6 16. Be3 Be6 17. dxe5 Ndxe5 18. Nd4 Nxd4 19. Bxd4 a6 20. Re1 Bf7 21. Bf3 Nc6 22. Ne2 Nxd4 23. Nxd4 f5 24. Rc1 Qf6 25. Nb3 Rfd8 26. Na5 Rc7 27. Qd3 Bf8 28. Rc2 h5 29. Rd1 g5 30. Nc4 g4 31. Be2 Kh8 32. hxg4 fxg4 33. Qg3 Re7 34. Bf1 h4 35. Qxg4 Re4 36. Qf3 Rf4 37. Qc3 d4 38. Qh3 Be6 39. Qh2 d3 40. Rxd3 Rxd3 41. Bxd3 Bxc4 42. Qh3 Qa1+ 43. Kh2 Qe5 44. Kg1 Bxd3 45. Qxd3 Re4 46. Rc1 Bh6 47. Qd8+ Kg7 48. Qd7+ Kg6 49. Rf1 Qe7 50. Qc8 Bf4 51. c6 bxc6 52. Qxc6+ Bd6 53. Qxa6 Qe5 54. f4 Qd4+ 55. Kh1 h3 56. Qc6 Rxf4 57. Qe8+ Kf5 58. Qh5+ Ke6 59. Qe8+ Kd5 60. Qb5+ Ke6 61. Qe8+ Kf6 62. Qh8+ Kg6 63. Qxd4 hxg2+ 64. Kxg2 Rxd4 65. Rf3 Bf4 66. Rb3 Kf5 67. Kf3 Ke6 68. b5 Bb8 69. b6 Kd7 70. Ke3 Rh4 71. Kd3 Kc6 72. b7 Kc7 73. Kc3 Ra4 74. Kb2 Ba7 75. Rb4 Ra6 76. a4 Bb6 77. b8=Q+ Kxb8 78. a5 Kb7 79. Rxb6+ Rxb6+ 80. axb6 Kxb6 1/2-1/2

[Event "57th Biel Festival MTO 2024"]
[White "Tarini Goyal"]
[Black "Peycheva,Gergana"]
[Site "Biel"]
[Round "6.41"]
[Annotator "RC"]
[Result "0-1"]
[Date "2024.07.20"]
[WhiteElo "2079"]
[BlackElo "2266"]
[PlyCount "44"]

1. d4 d5 2. c4 e6 3. Nf3 a6 4. g3 dxc4 5. Bg2 Nc6 6. O-O Rb8 7. e4 b5 8. d5 Nb4 9. Ne5 Bd6 10. f4 exd5 11. a3 Bxe5 12. fxe5 Nd3 13. exd5 Ne7 14. e6 Bxe6 15. Bg5 Bxd5 16. Bxe7 Qxe7 17. Nc3 Bxg2 18. Kxg2 O-O 19. Qg4 Rfe8 20. Rad1 Rbd8 21. Qf3 c5 22. h4 b4 0-1

[Event "57th Biel Festival MTO 2024"]
[White "Fronda,Jan Jodilyn"]
[Black "Federer,Colin"]
[Site "Biel"]
[Round "6.42"]
[Annotator "ChessBase"]
[Result "0-1"]
[Date "2024.07.20"]
[WhiteElo "2072"]
[BlackElo "2187"]
[PlyCount "136"]

1. e4 c5 2. c3 Nf6 3. e5 Nd5 4. Nf3 d6 5. exd6 Qxd6 6. d4 cxd4 7. Nxd4 a6 8. Be2 e5 9. Nf3 Nc6 10. O-O Be7 11. Na3 f6 12. Nc4 Qd8 13. a4 Be6 14. a5 O-O 15. Qc2 Qc7 16. Re1 Bc5 17. Bf1 Kh8 18. h3 Rfd8 19. Qe4 Qf7 20. Qh4 g5 21. Bxg5 fxg5 22. Nxg5 Qf5 23. Nf3 Rg8 24. Ncxe5 Nxe5 25. Rxe5 Qxf3 26. Rxe6 Raf8 27. Kh1 Qxf2 28. Qxf2 Bxf2 29. g4 Ne3 30. Bg2 Nxg2 31. Kxg2 Bh4 32. Rf1 Rxf1 33. Kxf1 Rf8+ 34. Kg1 Kg7 35. Rd6 Rd8 36. Rb6 Rd7 37. b4 Bf6 38. Kg2 Bxc3 39. Kf3 Re7 40. g5 Be1 41. Kg2 Kf7 42. b5 Bxa5 43. Rf6+ Kg7 44. bxa6 b6 45. Kf3 Ra7 46. Rd6 Rxa6 47. Rd7+ Kg6 48. Kg4 b5 49. h4 h5+ 50. gxh6 Kxh6 51. Rd5 Rg6+ 52. Kf5 Rb6 53. Ke4 Bc3 54. Rd1 b4 55. Rb1 Rd6 56. Ke3 Kh5 57. Ke2 Kxh4 58. Ke3 Kg5 59. Ke4 Rd4+ 60. Ke3 Kf5 61. Rh1 Ke5 62. Rh5+ Kd6 63. Rb5 Kc6 64. Rb8 Kc5 65. Rc8+ Kb5 66. Ra8 Kc4 67. Rc8+ Kb3 68. Ra8 Rd7 0-1

[Event "57th Biel Festival MTO 2024"]
[White "Kersten,Uwe"]
[Black "Saine,Zachary"]
[Site "Biel"]
[Round "6.43"]
[Annotator "ChessBase"]
[Result "1-0"]
[Date "2024.07.20"]
[WhiteElo "2189"]
[BlackElo "2035"]
[PlyCount "51"]

1. e4 e5 2. Nf3 Nc6 3. Nc3 Nf6 4. Bb5 Bb4 5. O-O d6 6. Nd5 Nxd5 7. exd5 a6 8. Ba4 b5 9. dxc6 bxa4 10. c3 Ba5 11. d4 e4 12. Ng5 d5 13. Qh5 Qe7 14. f3 h6 15. Nxe4 dxe4 16. Qxa5 O-O 17. Bf4 exf3 18. Rxf3 Bg4 19. Rg3 Qe2 20. h3 Bh5 21. Rf1 Bg6 22. Bxc7 Qxb2 23. Qxa4 Rfc8 24. Be5 h5 25. c7 h4 26. Rxg6 1-0

[Event "57th Biel Festival MTO 2024"]
[White "Udelnov,Valentin"]
[Black "Kamber,Bruno"]
[Site "Biel"]
[Round "6.44"]
[Annotator "ChessBase"]
[Result "0-1"]
[Date "2024.07.20"]
[WhiteElo "1965"]
[BlackElo "2188"]
[PlyCount "82"]

1. e4 c5 2. Nf3 Nc6 3. d4 cxd4 4. Nxd4 e6 5. Nc3 Qc7 6. Be3 a6 7. g4 b5 8. Nxc6 Qxc6 9. Qd2 b4 10. Ne2 Bb7 11. O-O-O Nf6 12. f3 d5 13. Nd4 Qa4 14. Kb1 e5 15. Nf5 d4 16. Bf2 g6 17. g5 Nxe4 18. fxe4 gxf5 19. Bg3 Bd6 20. Bg2 fxe4 21. Qe2 Bd5 22. b3 Qc6 23. Rhe1 Rg8 24. Bxe4 Rxg5 25. Bxh7 O-O-O 26. Qd3 Re8 27. Rf1 Bc5 28. Qd2 Rh5 29. Bf5+ Kb7 30. Bg4 Rhh8 31. Qg5 Rhg8 32. Qh5 Qg6 33. Qxg6 fxg6 34. Rf6 Be7 35. Rff1 Bg5 36. h4 Be3 37. Rf6 Re7 38. Be2 a5 39. Ra6 Bf3 40. Rxa5 Bxe2 41. Re1 d3 0-1

[Event "57th Biel Festival MTO 2024"]
[White "Demchenko,Svitlana"]
[Black "Perreard,Nicolas"]
[Site "Biel"]
[Round "6.45"]
[Annotator "RC"]
[Result "1-0"]
[Date "2024.07.20"]
[WhiteElo "2176"]
[BlackElo "2060"]
[PlyCount "59"]

1. e4 e5 2. Nf3 Nf6 3. Nxe5 d6 4. Nf3 Nxe4 5. Nc3 Nxc3 6. dxc3 Be7 7. Be3 O-O 8. Qd2 Nd7 9. O-O-O c6 10. h4 d5 11. Kb1 Nc5 12. c4 Be6 13. Ng5 a5 14. Bd3 h6 15. Nxe6 fxe6 16. Bxh6 dxc4 17. Bxc4 Qxd2 18. Bxd2 Rxf2 19. g4 Rg2 20. Be3 Kh7 21. Bxc5 Bxc5 22. Bxe6 Re8 23. Bf5+ g6 24. Bd3 Kh6 25. h5 g5 26. Bf5 Re7 27. a3 b5 28. Rd8 Rg7 29. Rh8+ Rh7 30. Rxh7# 1-0

[Event "57th Biel Festival MTO 2024"]
[White "Vincenti,Leonardo"]
[Black "Khulan,Enkhsaikhan"]
[Site "Biel"]
[Round "6.46"]
[Annotator "ChessBase"]
[Result "1-0"]
[Date "2024.07.20"]
[WhiteElo "2166"]
[BlackElo "2063"]
[PlyCount "55"]

1. e4 c6 2. d4 d5 3. exd5 cxd5 4. Bd3 Nc6 5. c3 Nf6 6. Bf4 e6 7. Nf3 Bd6 8. Bxd6 Qxd6 9. O-O O-O 10. Re1 Bd7 11. Nbd2 Rfc8 12. Ne5 Na5 13. g4 Be8 14. g5 Nd7 15. Qh5 f5 16. Qh4 Nxe5 17. Rxe5 Nc6 18. Re3 Bg6 19. Rae1 Re8 20. f4 Nd8 21. Nf3 Qb6 22. Qf2 Re7 23. Nh4 Rc7 24. Nxg6 hxg6 25. Rh3 Rac8 26. Qh4 Kf7 27. Qh7 Nc6 28. Rxe6 1-0

[Event "57th Biel Festival MTO 2024"]
[White "Vemparala,Nikash"]
[Black "Chen,Muxi"]
[Site "Biel"]
[Round "6.47"]
[Annotator "ChessBase"]
[Result "0-1"]
[Date "2024.07.20"]
[WhiteElo "2170"]
[BlackElo "1954"]
[PlyCount "104"]

1. e4 c5 2. Nf3 Nc6 3. Bb5 g6 4. Bxc6 dxc6 5. d3 Bg7 6. h3 Nf6 7. Nc3 Nd7 8. Be3 e5 9. Qd2 h6 10. O-O b6 11. Nh2 Nf8 12. f4 exf4 13. Bxf4 Ne6 14. Be3 Bd4 15. Kh1 h5 16. Rae1 O-O 17. Bh6 Bg7 18. Bxg7 Kxg7 19. e5 Qg5 20. Qf2 Nd4 21. Nf3 Nxf3 22. Qxf3 Bd7 23. Qf6+ Qxf6 24. exf6+ Kh6 25. Re7 Be6 26. Ne4 g5 27. Kh2 Kg6 28. g3 Rfe8 29. h4 g4 30. Nd6 Red8 31. Ne4 Re8 32. Ng5 Rxe7 33. fxe7 Re8 34. Nxe6 fxe6 35. Rf8 Rxe7 36. Rc8 c4 37. Rxc6 cxd3 38. cxd3 Kf5 39. Kg2 Rd7 40. Rc3 Ke5 41. Kf2 Rf7+ 42. Ke2 Rf3 43. d4+ Kxd4 44. Rxf3 gxf3+ 45. Kxf3 e5 46. a4 Kd3 47. Kf2 e4 48. Ke1 e3 49. b4 a6 50. b5 a5 51. Kd1 e2+ 52. Ke1 Ke3 0-1

[Event "57th Biel Festival MTO 2024"]
[White "Pouly,Ivan"]
[Black "Schnell,Simon"]
[Site "Biel"]
[Round "6.48"]
[Annotator "ChessBase"]
[Result "1-0"]
[Date "2024.07.20"]
[WhiteElo "1958"]
[BlackElo "2139"]
[PlyCount "73"]

1. e4 e5 2. Nf3 Nc6 3. Bb5 a6 4. Ba4 d6 5. O-O Bd7 6. c4 g6 7. d4 Bg7 8. Be3 Nf6 9. dxe5 dxe5 10. Nc3 O-O 11. Qe2 Nd4 12. Nxd4 Bxa4 13. Nf3 Bc6 14. Qc2 Re8 15. Nd5 Nxd5 16. cxd5 Bd7 17. Rfd1 Qc8 18. Nd2 Bf8 19. Nc4 Bb5 20. Rac1 Bxc4 21. Qxc4 Bd6 22. Bc5 Qd7 23. Qb3 Qb5 24. Bxd6 cxd6 25. Rc7 Qe2 26. Qf3 Qxf3 27. gxf3 Kf8 28. Rdc1 Rab8 29. Rd7 Red8 30. Rcc7 Rxd7 31. Rxd7 Ke8 32. Rxd6 Ke7 33. Rb6 Kd7 34. Kg2 Kc7 35. Rf6 Rf8 36. Kg3 a5 37. f4 1-0

[Event "57th Biel Festival MTO 2024"]
[White "Woong,Zhi Wei William"]
[Black "Woltery,Nicolai"]
[Site "Biel"]
[Round "6.50"]
[Annotator "ChessBase"]
[Result "1-0"]
[Date "2024.07.20"]
[WhiteElo "2139"]
[BlackElo "2016"]
[PlyCount "69"]

1. e4 d5 2. exd5 Qxd5 3. Nc3 Qd6 4. d4 Nf6 5. Nge2 g6 6. Bf4 Qd8 7. Qd2 Bg7 8. O-O-O O-O 9. f3 a6 10. h4 h5 11. g4 hxg4 12. h5 Nxh5 13. Bh6 e5 14. Bg2 Re8 15. d5 Qe7 16. Rxh5 gxh5 17. Ng3 Bxh6 18. Qxh6 Qd6 19. Qxh5 Qg6 20. Qh4 Qh7 21. Nh5 Kf8 22. fxg4 Nd7 23. Be4 Qh8 24. Rf1 Nc5 25. Qf2 Re7 26. Qxc5 Bxg4 27. Nf6 Bh3 28. d6 cxd6 29. Qxd6 Qh6+ 30. Kb1 Bxf1 31. Ncd5 Rae8 32. Nxe7 Rxe7 33. Nd7+ Kg7 34. Qxe7 Qd2 35. Qf8# 1-0

[Event "57th Biel Festival MTO 2024"]
[White "Follesa,Enrico"]
[Black "Matsumura,Cocoro"]
[Site "Biel"]
[Round "6.51"]
[Annotator "ChessBase"]
[Result "1-0"]
[Date "2024.07.20"]
[WhiteElo "2241"]
[BlackElo "2032"]
[PlyCount "79"]

1. e4 c5 2. Nf3 d6 3. d4 cxd4 4. Nxd4 Nf6 5. Nc3 a6 6. Be3 e5 7. Nb3 Be7 8. f3 Be6 9. Qd2 O-O 10. O-O-O Nbd7 11. g4 b5 12. g5 b4 13. Ne2 Nh5 14. Ng3 a5 15. Nxh5 a4 16. Nd4 exd4 17. Qxd4 f6 18. Bc4 Bxc4 19. Qxc4+ Kh8 20. gxf6 Nxf6 21. Nxf6 Bxf6 22. Kb1 Rc8 23. Qd3 a3 24. Bd4 axb2 25. Rhg1 Qc7 26. Rg2 Bxd4 27. Qxd4 Qc3 28. Rd3 Qxd4 29. Rxd4 Rxf3 30. Rxd6 Re3 31. Re6 h6 32. Re7 g5 33. Rd2 g4 34. Kxb2 h5 35. Re5 Rh3 36. Rb5 h4 37. Rh5+ Kg7 38. Rg5+ Kf6 39. Rxg4 Rc4 40. e5+ 1-0

[Event "57th Biel Festival MTO 2024"]
[White "Ohler,Julius"]
[Black "Stevens,Christian"]
[Site "Biel"]
[Round "6.52"]
[Annotator "ChessBase"]
[Result "1-0"]
[Date "2024.07.20"]
[WhiteElo "2078"]
[BlackElo "2253"]
[PlyCount "85"]

1. d4 Nf6 2. c4 g6 3. Nc3 Bg7 4. e4 d6 5. Nf3 O-O 6. Be2 e5 7. d5 a5 8. Be3 Na6 9. Nd2 Nd7 10. g4 Ndc5 11. a3 Bd7 12. Rg1 a4 13. Qc2 c6 14. g5 Qa5 15. h4 Nc7 16. f3 cxd5 17. cxd5 N7a6 18. Kf2 Rfc8 19. Rgc1 b5 20. b4 axb3 21. Nxb3 Nxb3 22. Qxb3 Nc5 23. Qb2 Rab8 24. Rab1 f5 25. Qb4 Qd8 26. Kg2 f4 27. Bf2 h6 28. gxh6 Bf6 29. Rh1 Kh7 30. Na2 Qe7 31. Qd2 g5 32. hxg5 Rg8 33. Kf1 Rxg5 34. Qa5 Qe8 35. Qc7 Be7 36. Nc3 Rc8 37. Qa5 Ra8 38. Qb4 Rb8 39. a4 Ra8 40. Bxb5 Bxb5+ 41. Qxb5 Qc8 42. Bxc5 dxc5 43. Qb7 1-0

[Event "57th Biel Festival MTO 2024"]
[White "Hartmann,Wolfgang"]
[Black "Asllani,Dorian"]
[Site "Biel"]
[Round "6.53"]
[Annotator "ChessBase"]
[Result "1-0"]
[Date "2024.07.20"]
[WhiteElo "1983"]
[BlackElo "2154"]
[PlyCount "71"]

1. c4 e6 2. g3 d5 3. Bg2 Nf6 4. Nf3 Be7 5. O-O O-O 6. b3 c6 7. Bb2 b6 8. d4 Bb7 9. Nc3 Nbd7 10. e3 Rc8 11. cxd5 cxd5 12. Qe2 a6 13. Rac1 Bd6 14. Rc2 b5 15. Rfc1 Qb6 16. Nb1 Ra8 17. a3 a5 18. Bf1 b4 19. a4 Rfb8 20. Ne5 Qd8 21. Qd1 Bxe5 22. dxe5 Ne8 23. Nd2 Qg5 24. f4 Qg6 25. Nf3 Qe4 26. Bd4 Qg6 27. Bd3 Qh6 28. Ng5 f6 29. exf6 Ndxf6 30. Nxe6 Ne4 31. Nc5 N8d6 32. Nxb7 Rxb7 33. Bxe4 dxe4 34. Be5 Rd8 35. Qd5+ Kh8 36. Qxd6 1-0

[Event "57th Biel Festival MTO 2024"]
[White "Erne,Raphael"]
[Black "Cordes,Jule"]
[Site "Biel"]
[Round "6.54"]
[Annotator "ChessBase"]
[Result "1-0"]
[Date "2024.07.20"]
[WhiteElo "2102"]
[BlackElo "1900"]
[PlyCount "81"]

1. c4 e5 2. g3 Nf6 3. Bg2 d5 4. cxd5 Nxd5 5. Nf3 Nc6 6. O-O Nb6 7. b3 Be7 8. Bb2 f6 9. Nc3 O-O 10. Rc1 Be6 11. d3 Rf7 12. Nd2 Bf8 13. Nce4 Bd5 14. Nc5 Bxc5 15. Rxc5 Bxg2 16. Kxg2 Nd4 17. b4 Ne6 18. Ra5 Rd7 19. Qb3 Qe7 20. Ne4 c6 21. f4 exf4 22. gxf4 Kh8 23. Kh1 Nd5 24. f5 Nec7 25. Rc5 Qe8 26. Rcc1 Qh5 27. Rf3 Qe8 28. Rg1 a5 29. Rfg3 Qf8 30. Nc5 Re7 31. e4 Nxb4 32. Rh3 b6 33. Rg4 Qf7 34. Ne6 Nxe6 35. fxe6 Qxe6 36. Qd1 Rd8 37. Rgh4 h6 38. Rxh6+ gxh6 39. Rxh6+ Kg8 40. Qh5 Qxe4+ 41. dxe4 1-0

[Event "57th Biel Festival MTO 2024"]
[White "Coles,Robin"]
[Black "Kheerthi Ganta"]
[Site "Biel"]
[Round "6.55"]
[Annotator "NA"]
[Result "1-0"]
[Date "2024.07.20"]
[WhiteElo "2084"]
[BlackElo "1987"]
[PlyCount "81"]

1. e4 e5 2. Nf3 Nc6 3. Bb5 a6 4. Ba4 Nf6 5. O-O b5 6. Bb3 Bc5 7. a4 Rb8 8. c3 d6 9. d4 Bb6 10. a5 Ba7 11. h3 O-O 12. Be3 Re8 13. Ng5 Rf8 14. Nf3 Qe7 15. Re1 h6 16. Nbd2 Kh8 17. Nf1 exd4 18. cxd4 Nb4 19. Qd2 c5 20. Ng3 Nh7 21. d5 f6 22. Nh4 Qf7 23. Bd1 g5 24. Bh5 Qc7 25. Ng6+ Kg7 26. Nxf8 Nxf8 27. f4 Nh7 28. fxg5 hxg5 29. Rf1 Bd7 30. Bxg5 Be8 31. Bxf6+ Kg8 32. Nf5 Nxf6 33. Qg5+ Kh7 34. Qxf6 c4+ 35. Kh1 Bxh5 36. Qh6+ Kg8 37. Qxh5 Rb7 38. Qe8+ Kh7 39. Qh5+ Kg8 40. Qg6+ Kh8 41. Rf4 1-0

[Event "57th Biel Festival MTO 2024"]
[White "Pinelli,Gian"]
[Black "Borner,Daniel"]
[Site "Biel"]
[Round "6.56"]
[Annotator "ChessBase"]
[Result "0-1"]
[Date "2024.07.20"]
[WhiteElo "1874"]
[BlackElo "2075"]
[PlyCount "44"]

1. d4 Nf6 2. c4 g6 3. Nc3 Bg7 4. e4 d6 5. Be2 O-O 6. Bg5 h6 7. Be3 c5 8. d5 e6 9. Qd2 exd5 10. exd5 Kh7 11. Nf3 Re8 12. h3 Bf5 13. Bd3 Ne4 14. Nxe4 Bxe4 15. Bxe4 Rxe4 16. Qc2 Qa5+ 17. Nd2 Re7 18. O-O Nd7 19. Ne4 Qc7 20. Bd2 Rae8 21. Ng3 Nf6 22. Rfe1 h5 0-1

[Event "57th Biel Festival MTO 2024"]
[White "Mata,Adilson"]
[Black "Monteverde,Jonathan"]
[Site "Biel"]
[Round "6.57"]
[Annotator "NA"]
[Result "1-0"]
[Date "2024.07.20"]
[WhiteElo "1971"]
[BlackElo "2052"]
[PlyCount "64"]

1. e4 c5 2. Nf3 d6 3. d4 cxd4 4. Nxd4 Nf6 5. Nc3 a6 6. h3 e5 7. Nf3 Be7 8. g4 h6 9. Rg1 Nbd7 10. g5 hxg5 11. Nxg5 b5 12. a4 b4 13. Nd5 Bb7 14. Bc4 Nxd5 15. exd5 Rc8 16. b3 Nb6 17. Qf3 Bf6 18. Rg4 Rc7 19. Be3 Nxc4 20. bxc4 Bc8 21. c5 Bxg4 22. Qxg4 dxc5 23. O-O-O Qd7 24. d6 Qxg4 25. hxg4 Rc6 26. d7+ Ke7 27. Ne4 c4 28. g5 Bxg5 29. Bxg5+ f6 30. Be3 Rd8 31. Bc5+ Ke6 32. Bxb4 a5 1-0

[Event "57th Biel Festival MTO 2024"]
[White "Pisan,Kai"]
[Black "Malli,Suvirr"]
[Site "Biel"]
[Round "6.58"]
[Annotator "NA"]
[Result "1-0"]
[Date "2024.07.20"]
[WhiteElo "1950"]
[BlackElo "2147"]
[PlyCount "67"]

1. d4 d5 2. c4 c6 3. Nf3 Nf6 4. g3 Bg4 5. Ne5 Bf5 6. Qb3 Qb6 7. cxd5 Qxb3 8. axb3 Nxd5 9. Bd2 e6 10. Bg2 Nb4 11. Na3 Nd7 12. Nxd7 Kxd7 13. O-O Be7 14. Rfc1 Rhc8 15. Rc4 a5 16. e4 Bg6 17. Nc2 b5 18. Rc3 Bf6 19. Be3 Nxc2 20. Rxc2 Ra6 21. Rac1 Rca8 22. f4 Bd8 23. f5 exf5 24. exf5 Bxf5 25. Bxc6+ Ke7 26. Re2 Kf6 27. Bxa8 Rxa8 28. Rc6+ Ke7 29. Bf4+ Kd7 30. Rd6+ Kc8 31. Re8 Bd7 32. Re5 Ra7 33. Rc5+ Rc7 34. Rb6 1-0

[Event "57th Biel Festival MTO 2024"]
[White "Tellarini,Lorenzo"]
[Black "Krishnan,Ritvik"]
[Site "Biel"]
[Round "6.59"]
[Annotator "ChessBase"]
[Result "0-1"]
[Date "2024.07.20"]
[WhiteElo "1953"]
[BlackElo "2297"]
[PlyCount "102"]

1. e4 g6 2. d4 Bg7 3. Nc3 d6 4. f4 Nf6 5. Nf3 O-O 6. e5 Nfd7 7. Bc4 Nb6 8. Bb3 d5 9. a4 a5 10. O-O Na6 11. Be3 Nb4 12. Ne2 Nc4 13. Bxc4 dxc4 14. c3 Nd5 15. Qd2 Bf5 16. Ng3 e6 17. Nxf5 exf5 18. Rfe1 c6 19. Bf2 Nc7 20. h4 h5 21. Qe2 b5 22. axb5 cxb5 23. Ng5 Re8 24. Qf3 Qd5 25. Qxd5 Nxd5 26. Be3 b4 27. Bd2 b3 28. Nh3 a4 29. Nf2 Bf8 30. Nd1 Reb8 31. Kf2 a3 32. g3 Be7 33. Kf1 Kf8 34. Kg1 Ke8 35. Kf1 Kd7 36. Kg1 Ke6 37. Kf1 Nb6 38. Ke2 Ra4 39. Kf3 Rba8 40. Rb1 axb2 41. Nxb2 Ra2 42. Bc1 Ra1 43. Be3 Rxb1 44. Rxb1 Kd5 45. Bc1 Kc6 46. Ke2 Ra2 47. Kf3 Kb5 48. Ke2 Ba3 49. Ke1 Bxb2 50. Bxb2 Na4 51. Ba1 Rh2 0-1